South Eastern Kenya University

Library Online Public Access Catalogue


The everyday writer / (Record no. 9290)

MARC details
000 -LEADER
fixed length control field 00737cam a2200205 a 4500
020 ## - INTERNATIONAL STANDARD BOOK NUMBER
International Standard Book Number 9780312594565 (sprialbound; 2009 MLA update)
020 ## - INTERNATIONAL STANDARD BOOK NUMBER
International Standard Book Number 0312594569 (spiralbound; 2009 MLA update)
050 00 - LIBRARY OF CONGRESS CALL NUMBER
Classification number PE1408
Item number .L86 2009
100 1# - MAIN ENTRY--PERSONAL NAME
Personal name Lunsford, Andrea A.,
Dates associated with a name 1942-
245 14 - TITLE STATEMENT
Title The everyday writer /
Statement of responsibility, etc. Andrea A. Lunsford ; a section for multilingual writers with Paul Kei Matsuda, Christine M. Tardy.
250 ## - EDITION STATEMENT
Edition statement 4th ed.
260 ## - PUBLICATION, DISTRIBUTION, ETC. (IMPRINT)
Place of publication, distribution, etc. Boston :
Name of publisher, distributor, etc. Bedford/St. Martins,
Date of publication, distribution, etc. c2009.
300 ## - PHYSICAL DESCRIPTION
Extent xviii, 595 p. :
650 #0 - SUBJECT ADDED ENTRY--TOPICAL TERM
General subdivision Rhetoric
Form subdivision Handbooks, manuals, etc.
650 #0 - SUBJECT ADDED ENTRY--TOPICAL TERM
General subdivision Grammar
Form subdivision Handbooks, manuals, etc.
650 #0 - SUBJECT ADDED ENTRY--TOPICAL TERM
Form subdivision Handbooks, manuals, etc.
700 1# - ADDED ENTRY--PERSONAL NAME
Personal name Matsuda, Paul Kei.
700 1# - ADDED ENTRY--PERSONAL NAME
Personal name Tardy, Christine M.
942 ## - ADDED ENTRY ELEMENTS (KOHA)
Source of classification or shelving scheme Library of Congress Classification
Koha item type General circulation
Holdings
Withdrawn status Lost status Source of classification or shelving scheme Damaged status Not for loan Home library Current library Shelving location Date acquired Source of acquisition Total Checkouts Full call number Barcode Date last seen Price effective from Koha item type Date last checked out Public note
    Library of Congress Classification     Main Campus Library Main Campus Library General Stacks 25/04/2016   2 PE1408 .L86 2009 2016/015787 15/02/2017 25/04/2016 General circulation 02/02/2017 TNY
    Library of Congress Classification     Main Campus Library Main Campus Library General Stacks 16/05/2016   2 PE1408 .L86 2009 2016/015905 05/11/2018 16/05/2016 General circulation 22/10/2018 JCL
    Library of Congress Classification     SEKU-BINDERY SEKU-BINDERY   25/04/2016 Donation-Books for Africa 1 PE1408 .L86 2009 2016/016753 09/10/2018   General circulation 28/09/2018 TNY
    Library of Congress Classification     Wote Campus Library Wote Campus Library General Stacks 29/09/2015 donation books of Africa   [WTE] PE1408 .L86 2009 2015/008547 29/09/2015 29/09/2015 General circulation    
Kitui, Kenya.
+254736116989
library@seku.ac.ke